Changes to planning consultancy advice scheme (Record no. 72469)
[ view plain ]
| 000 -LEADER | |
|---|---|
| fixed length control field | 01014cam a2200205 4500 |
| 001 - CONTROL NUMBER | |
| control field | WB3914-22 |
| 008 - FIXED-LENGTH DATA ELEMENTS--GENERAL INFORMATION | |
| fixed length control field | 030409n2003 000 0 eng u |
| 035 ## - SYSTEM CONTROL NUMBER | |
| System control number | (Sirsi) u121936 |
| 245 ## - TITLE STATEMENT | |
| Title | Changes to planning consultancy advice scheme |
| 260 ## - PUBLICATION, DISTRIBUTION, ETC. | |
| Date of publication, distribution, etc. | 2003 |
| 490 ## - SERIES STATEMENT | |
| Series statement | DEFRA News Release |
| Volume/sequential designation | (125/03) 2 April 2003 (2) |
| 520 ## - SUMMARY, ETC. | |
| Summary, etc. | During the financial year 2003-04 DEFRA's Planning Consultancy Advice scheme will operate within a fixed budget, applications will be managed on a 'first-come, first-served basis' and consultants offering planning feasibility studies will have a cost ceiling of £600. The scheme helps farmers diversify their business under the Rural Enterprise Scheme. Further information available at www.defra.gov.uk/corporate/regulat/forms/erdp/res/index.htm www.defra.gov.uk/news/2003/030402a.htm. |
| 590 ## - LOCAL NOTE (RLIN) | |
| Local note | WB |
| 650 ## - SUBJECT ADDED ENTRY--TOPICAL TERM | |
| Topical term or geographic name entry element | RURAL ENTERPRISE SCHEMES |
| 650 ## - SUBJECT ADDED ENTRY--TOPICAL TERM | |
| Topical term or geographic name entry element | PLANNING CONSULTANCY |
| 650 ## - SUBJECT ADDED ENTRY--TOPICAL TERM | |
| Topical term or geographic name entry element | FARM DIVERSIFICATION |
| 650 ## - SUBJECT ADDED ENTRY--TOPICAL TERM | |
| Topical term or geographic name entry element | FARMERS |
| 690 ## - LOCAL SUBJECT ADDED ENTRY--TOPICAL TERM (OCLC, RLIN) | |
| Topical term or geographic name as entry element | Rural |
| 9 (RLIN) | 6268 |
| 942 ## - ADDED ENTRY ELEMENTS (KOHA) | |
| Suppress in OPAC | 0 |
| Withdrawn status | Lost status | Source of classification or shelving scheme | Damaged status | Not for loan | Home library | Current library | Shelving location | Date acquired | Total Checkouts | Full call number | Barcode | Date last seen | Copy number | Price effective from | Koha item type |
|---|---|---|---|---|---|---|---|---|---|---|---|---|---|---|---|
| Dewey Decimal Classification | London | London | News article | 09/04/2003 | WB3914-22 | 121936-1001 | 06/08/2019 | 1 | 06/08/2019 | News article |